Missing Word: Christina Ricci Quiz Stats

 Plays Quiz not verified by Sporcle

Challenge
Share
Tweet
Embed
Score 0/20 Timer 02:00
0 Plays Today
Movie Missing Word % Correct
The Addams _____Family
100%
Now and _____Then
92.1%
New York, I _____ YouLove
92.1%
_____ HollowSleepy
87.6%
Fear and _____ in Las VegasLoathing
86.5%
Addams Family _____Values
85.4%
_____ Diggers: The Secret of Bear MountainGold
82%
That _____ CatDarn
80.9%
_____ RacerSpeed
78.7%
_____ Snake MoanBlack
75.3%
Movie Missing Word % Correct
Prozac _____Nation
68.5%
Bucky Larson: Born to Be a _____Star
61.8%
The _____ StormIce
58.4%
The Opposite of _____Sex
58.4%
_____ '66Buffalo
47.2%
_____ Cigarettes200
47.2%
Bless the _____Child
46.1%
Bastard Out of _____Carolina
38.2%
I Love Your _____Work
30.3%
Desert _____Blue
28.1%

You're not logged in!

Compare scores with friends on all Sporcle quizzes.
OR
Log In

You Might Also Like...

Show Comments

Extras

Top Quizzes Today


Score Distribution

Your Account Isn't Verified!

In order to create a playlist on Sporcle, you need to verify the email address you used during registration. Go to your Sporcle Settings to finish the process.

Report this User

Report this user for behavior that violates our Community Guidelines.

Details: